000 00346nam a2200133 a 4500
005 20140412111258.0
008 091205s19uu xx 00 eng d
020 _a0-590-41239-6
050 _aTR(PS E
_bRo71 1968
100 _aHutchins, Pat
245 _aRosie's Walk /
_cPat Hutchins.
260 _aU.S.A :
_bScholastic,
_c1968.
999 _c103273
_d103273